01797cam a22003977a 4500003000500000005001700005008004100022010001000063011001000073035001000083040000900093090001000102100004800112245017100160260004100331300002300372502008500395590003700480590004100517590004100558590004100599590004200640650002700682650004500709650003000754901000700784905002300791942000900814949005500823949005500878949004200933999001700975952014000992952014001132952012701272CHAP20220329142151.0000126d1999 mx r 00110 spa d a79486 a80458 a90909 cCHAP aTesis00aSuárez Espinosa, Ignacio César.911069210aRespuestas fisiológicas de mango (Mangifera indica Linn cv Ataulfo) sometido a frigoconservación en atmosferas controladasc/por Ignacio César Suárez Espinosa aChapingo, Méx. :bEl autor,c1999. a102 h. :bgráfs. aTesis (Ing. Agroindustrial) -- UACH. Departamento de Ingeniería Agroindustrial aALEPHb10c20130110lUCH01h1431 aBATCH-UPDb10c20130110lUCH01h0815 aBATCH-UPDb10c20130410lUCH01h0452 aBATCH-UPDb10c20130914lUCH01h1437 aCONVERSIONb10c20130109lUCH01h134414aFrigoríficos.94331714aMangoxConservación por frío.97040314aMangoxVariedades.970459 aBK aLilia Sánchez G. cFOLL bBCcTESd33724000727608eTS2fc.2h34394i90909si bBCcTESd33724000763231eTS2fc.3h36000i90909si bBCcTESd909091eTS1h34393i90909sb c79486d79486 00102local4053708TESISaBCbBCcPA_TESISd2019-12-31fTESISl0oTesisp33724000727608r2019-12-31 00:00:00tc.2w2019-12-31yTESIS 00102local4053708TESISaBCbBCcPA_TESISd2019-12-31fTESISl0oTesisp33724000763231r2019-12-31 00:00:00tc.3w2019-12-31yTESIS 00102local4051708TESISaBCbBCcPA_TESISd2019-12-31fTESISl0oTesisp909091r2019-12-31 00:00:00w2019-12-31yTESIS